00559 2200205 4500001002100000005001500021035002000036245005100056100001700107250002000124300003000144856003600174700001600210260004700226082001000273084001600283020002200299990001600321990001600337INLIS00000000000039920200225074747 a0010-02200001441 aPanduan praktis budidaya belut /cAlzena Resti0 aAlzena Resti aCetakan Pertama aiv + 96 hlm ;c14 x 21 cm aPerpustakaan Umum Kota Makassar0 aNur Iswarso aYogyakarta :bHijaz Pustaka Mandiri,c2018 a639.3 a639.3 ALZ p a978-602-51556-6-6 a00000000660 a00000000661